Common car logos quiz - Statistics

General Stats
  • This quiz has been taken 1,769 times
  • The average score is 20 of 24
Answer Stats
Picture Answer % Correct
ford
99%
toyota
98%
honda
97%
volkswagen
97%
bmw
94%
audi
93%
fiat
93%
hyundai
92%
mazda
92%
nissan
92%
kia
90%
mini
89%
mercedes
88%
lexus
85%
mitsubishi
85%
suzuki
85%
chevrolet
84%
peugeot
76%
volvo
73%
citroen
72%
renault
72%
skoda
71%
seat
68%
vauxhall
42%
No matching quizzes found
Score Distribution
Percent of People with Each Score
Percentile by Number Answered
Your Score History
You have not taken this quiz